| 000 | nam a22 7a 4500 | ||
|---|---|---|---|
| 999 |
_c232897 _d232897 |
||
| 003 | Nust | ||
| 005 | 20170224141627.0 | ||
| 008 | 170224b xxu||||| |||| 00| 0 eng d | ||
| 020 | _a8129706156 | ||
| 040 |
_aDLC _bDLC _cRCMS |
||
| 082 | _a005.8 CON | ||
| 100 | _aConvery Sean | ||
| 245 |
_aNetwork Security Architectures _bExpert guidance on designing secure networks _cConvery Sean |
||
| 260 |
_aIndia _bPearson Education _cc2004 |
||
| 300 |
_axxxix, 739 p. : _bill. ; _c26 cm. |
||
| 650 | _aNetwork Security Architectures | ||
| 856 |
_3Table of contents only _uhttp://www.loc.gov/catdir/toc/ecip0716/2007017469.html |
||
| 942 |
_2ddc _cBK |
||